LEADER 01194nam a2200265 i 4500 001 000000151057 003 CaOOAMICUS 005 20060620000000.0 008 060620s2006 it u000 u ita u 013 $a128395 020 $a88-7282-965-8 040 $aSeMil$bita 100 1 $aStasi, Adriano.$0(OLS)http://semarc/name/21663 245 10$aDalla Parola di Dio alla Fede dell'uomo :$bun itinerario dalla verità alla vita cristiana /$cAdriano Stasi. 260 $a[Italia] :$bEdizioni Segno,$cCopyr. 2006. 300 $a494 p., [1] c. geografica ;$c22 cm. 500 $aContiene : Note biografiche. 650 4$aVerità - Concezione cristiana.$0(OLS)http://semarc/subject/12350 650 4$aVita cristiana.$0(OLS)http://semarc/subject/4445 850 $aSeMil 852 $aSeMil$W1$xVenegono$y1$m3F III 301$j103105$B103105$CSeMilBibl$Z2$F113500 $81 961 $aOmaggio: Scanziani don Francesco 996 $6020$a88-7282-965-8$9(OLS)http://semarc/number/140556 996 $6245$aDalla Parola di Dio alla Fede dell'uomo :$bun itinerario dalla verità alla vita cristiana$9(OLS)http://semarc/title/220787 996 $6260$a[Italia] :$bEdizioni Segno$9(OLS)http://semarc/publisher/47959 LEADER 01047nam a2200229 i 4500 001 000000031291 003 CaOOAMICUS 005 20180830125449.0 008 180830s1845 it u000 u ita u 040 $aSeMil$bita 100 1 $aCibrario, Luigi,$d<1802-1870>.$0(OLS)http://semarc/name/13829 245 10$aDescrizione storica degli ordini religiosi /$ccompilata sulle opere di Bonanni, D'Helyot, dell'ab. Tiron ed altre sì edite che inedite per cura del cav. Luigi Cibrario. 260 $aTorino :$bStabilimento tipografico Fontana,$c1845. 300 $a2 v. :$bill. ;$c26 cm. 500 $aLegati insieme i 2 vol. - Consistenza : 2 copie dell'intera opera. 650 4$aOrdini religiosi.$0(OLS)http://semarc/subject/1358 774 0 $tVol. 1.$g1$w()238179 774 0 $tVol. 2.$g2$w()238181 774 0 $tVol. 1.$g1$w()247572 774 0 $tVol. 2.$g2$w()247573 996 $6245$aDescrizione storica degli ordini religiosi$9(OLS)http://semarc/title/42571 996 $6260$aTorino :$bStabilimento tipografico Fontana$9(OLS)http://semarc/publisher/38863